000 01042nam a2200313Ia 4500
003 OSt
005 20221006160041.0
006 a|||||r|||| 00| 0
007 ta
008 221006b |||||||| |||| 00| 0 eng d
020 _a9788991913639
_c
_35.00
024 _a44,151
037 _bGift, Korean Embassy (Window of Korea)
_cTextual
040 _aEASL
_cEASL
_beng
041 _2eng
_aeng
082 _aX:6.495.P08, Q0
100 _aJun Kwang-woo
_9671669
245 0 _aBeyond the crisis
_bKorea's emergence from the global financial storm of 2008
260 _aSeoul
_bSeoul Selection Korea
_c2010
300 _a221p.
_ccm.
490 _v KEL
650 _a KEL
650 _a Korea - Financial Crisis management
_9671670
650 _a Korea - Financial development
_9671671
650 _a Korea - Policy responses to crisis
_9671672
650 _aKorea - Financial crisis
_9671673
942 _hX:6.495.P08, Q0
_cTEXL
_2CC
999 _c1112243
_d1112243